000 02134nam0a2200373 4500
001 RU\NLR\bibl\739689
005 20260406151553.0
021 _aRU
_b2004-63094
_93109
035 _aRSL-KNO-002486961
035 _a(NLR Aleph) 000729582
090 _a754075
_c754075
100 _a20041012d2004 |||y0rusy50 ca
101 0 _arus
102 _aRU
105 _ay |||||||||
106 _ar
200 1 _aПреподобная Рахиль Бородинская
_eакафист, житие
_f[сост.-Спасо-Бород. монастырь]
210 _aМ.
_aБородино
_cСхолия
_d2004
_gОАО Можайский полигр. комб.
215 _a31 с.
_d21
600 1 _aКороткова
_bМ.М.
_f1833 - 1928
_gМария Михайловна
_92370553
_3RU\NLR\auth\661414960
600 0 _aРахиль Бородинская
_cКороткова, Мария Михайловна
_f1833 - 1928
_92370552
_3RU\NLR\auth\661414959
610 0 _aРелигия -- Христианство -- Православие -- Русская православная церковь -- Религиозный культ -- Культ пророков и святых -- Рахиль Бородинская (Короткова, Мария Михайловна (1833-1928) - святая, схимонахиня Спасо-Бородинского монастыря
610 0 _aРелигия -- Христианство -- Православие -- Русская православная церковь -- Религиозный культ -- Молитвы и песнопения культа святых
686 _aЭ372.24-574.8Рахиль Бородинская,0
_2rubbk
686 _aЭ372.24-503.114,0
_2rubbk
686 _aЭ372.24-574.8
712 0 2 _4220
_aСпасо-Бородинский женский монастырь
_cМосковская обл.
_3RU\NLR\AUTH\889927086
_9349836
801 0 _aRU
_bRuMoRKP
_c20041012
_grcr
801 1 _aRU
_bRuMoRGB
_c20041012
801 2 _aRU
_bNLR
_c20050324
_gPSBO
942 _cBOOK
980 _aNB